000 00491ntaaa2200193 4500
003 01
005 20251027202730.0
008 0714s1973 ag 01
040 _aAR-BaBN
_bspa
_cAR-BaBN
_eaacr
_dRIC
082 _a649.10243 So7a
100 _aSoto Ortega, Fernando
_927226
245 _aActitudes familiares cuando son problema y como cambiarlas
250 _a1 ed.
260 _aMadrid :
_bNarcea,
_c1982
300 _a159 p
650 _afamilia
650 _aniƱos-hogar
942 _cBK
999 _c22551
_d22551